banner koha

Estimativa de custos e coeficientes técnicos para instalação e manejo de povoamento de teca (Tectona grandis L.F.) (Registro n. 295000)

MARC details
000 -LÍDER
campo de controle de tamanho fixo 01084nac a22003497a 4500
001 - NÚMERO DE CONTROLE
campo de controle BR0602868
003 - IDENTIFICADOR DO NÚMERO DE CONTROLE
campo de controle BR-BrBNA
005 - DATA E HORÁRIO DA ÚLTIMA TRANSAÇÃO
campo de controle 20240105123330.0
008 - CAMPO DE DADOS FIXOS--INFORMAÇÃO GERAL
campo de controle de tamanho fixo 230509b bl.|||m| |||| 00| 0 por d
040 ## - FONTE DA CATALOGAÇÃO
Instituição da catalogação original BR-BrBNA
Idioma da catalogação por
Instituição que transcreveu o registro Biblioteca Nacional de Agricultura
041 ## - CÓDIGO DE IDIOMA
Código do idioma do texto/trilha sonora ou título diferente (Pt)
072 ## - CÓDIGO DE CATEGORIA DE ASSUNTO
Código de Categoria de Assunto E16
090 ## - NÚMERO DE CHAMADA LOCAL
Número de chamada 3285 BR0602868
100 1# - ENTRADA PRINCIPAL--NOME PESSOAL
Nome pessoal Figueiredo, E.O.
100 1# - ENTRADA PRINCIPAL--NOME PESSOAL
Nome pessoal Sá, C.P.de
110 1# - ENTRADA PRINCIPAL--NOME CORPORATIVO
Nome corporativo ou nome da jurisdição EMBRAPA Acre, Rio Branco (Brasil)
245 1# - TÍTULO
Título Estimativa de custos e coeficientes técnicos para instalação e manejo de povoamento de teca (Tectona grandis L.F.)
260 3# - PUBLICAÇÃO, DISTRIBUIÇÃO, ETC.
Local de publicação, distribuição, etc. Rio Branco, AC (Brasil):
Data da publicação, distribuição, etc. 2005.
300 ## - DESCRIÇÃO FÍSICA
Extensão 16 p.
490 ## - TÍTULO DA SÉRIE
Título da série Circular Técnica - EMBRAPA Acre (Brazil)
Número do volume ou designação sequencial da série no. 48
ISSN - International Standard Serial Number ISSN 0100-9915
500 ## - NOTA GERAL
Nota geral 6 tables; 10 ref.
650 ## - ASSUNTO--TERMO TÓPICO
Cabeçalho tópico ou nome geográfico TECA
650 ## - ASSUNTO--TERMO TÓPICO
Cabeçalho tópico ou nome geográfico TECTONA GRANDIS
650 ## - ASSUNTO--TERMO TÓPICO
Cabeçalho tópico ou nome geográfico ÁRVORE ANGIOSPERMA
650 ## - ASSUNTO--TERMO TÓPICO
Cabeçalho tópico ou nome geográfico ESSÊNCIA FLORESTAL
650 ## - ASSUNTO--TERMO TÓPICO
Cabeçalho tópico ou nome geográfico ESTIMATIVA
650 ## - ASSUNTO--TERMO TÓPICO
Cabeçalho tópico ou nome geográfico CUSTO
650 ## - ASSUNTO--TERMO TÓPICO
Cabeçalho tópico ou nome geográfico POVOAMENTO FLORESTAL
650 ## - ASSUNTO--TERMO TÓPICO
Cabeçalho tópico ou nome geográfico IMPLANTAÇÃO DE CULTURA
909 ## -
-- 202312
-- Lúcia Elande
-- 55
-- Lúcia Elande
942 ## - ELEMENTOS DE ENTRADA ADICIONADOS (KOHA)
Fonte da classificação ou esquema de arquivamento na estante Classificação AGRIS
Ocultar no OPAC Não
Tipo de material Koha Monografia Seriada
Exemplares
Situação do descarte Fonte da classificação ou esquema de arquivamento na estante Situação física Não pode ser emprestado Coleção Biblioteca de origem Biblioteca atual Localização na estante Total de empréstimos Número de telefone completo Código de barras Data de último acesso Tipo de material Koha Fonte de aquisição
  Classificação AGRIS       Biblioteca Nacional de Agricultura - Binagri Biblioteca Nacional de Agricultura - Binagri Agrobase - Acervo Geral   3285 BR0602868 3285 BR0602868 18/12/2023 Monografia Seriada Portaria Interministerial nº 164/94

BINAGRI

Telefone: (61)3218-2567/2388/3357/2097 - binagri@agro.gov.br

Ministério da Agricultura e Pecuária , Esplanada dos Ministérios, Bloco D, Anexo B, Brasília/DF, CEP: 70.043-900